| 000 | 00558cam a22002291 4500 | ||
|---|---|---|---|
| 001 | sa 68007295 | ||
| 003 | DLC | ||
| 005 | 20260227112522.0 | ||
| 008 | 890523s1967 ii b 000 0 hino | ||
| 010 | _asa 68007295 | ||
| 035 | _a(OCoLC)19754913 | ||
| 040 |
_aDLC _cWaU _dDLC |
||
| 042 | _apremarc | ||
| 050 | 0 | 0 |
_aPK2098.D53 _bZ78 |
| 100 | 1 | _aSinha, Savitri. | |
| 245 | 0 | 0 | _aDinakara. |
| 260 | _c[1967] | ||
| 300 |
_a237 p. _c23 cm. |
||
| 500 | _aIn Hindi. | ||
| 504 | _aBibliographical footnotes. | ||
| 600 | 1 | 0 |
_aDinkar, Ramdhari Sinha, _d1908-1974. |
| 999 |
_c81787 _d81787 |
||